Normal view
MARC view
- الجريمة - الاردن - احصائيات
Entry Topical Term
001 - CONTROL NUMBER
- control field: 57892
003 - CONTROL NUMBER IDENTIFIER
- control field: JO-AjAnu
005 - DATE AND TIME OF LATEST TRANSACTION
- control field: 20230606083458.0
008 - FIXED-LENGTH DATA ELEMENTS
- fixed length control field: 230606|| aca||aabn | a|a d
040 ## - CATALOGING SOURCE
- Original cataloging agency: JO-AjAnu
- Transcribing agency: JO-AjAnu
150 ## - HEADING--TOPICAL TERM
- Topical term or geographic name entry element: الجريمة - الاردن - احصائيات
670 ## - SOURCE DATA FOUND
- Source citation: Work cat.: (JO-AjAnu)29537: عمان، مديرية الامن العام، ادارة المعلومات الجنائية, author 57891, التقرير الاحصائي الجنائي 2017م=Criminal Statistical Report 2017